[Event "Tonder Byturnering A"]
[Site "Tonder"]
[Date "2015.??.??"]
[Round "4"]
[White "Karstensen, Christian"]
[Black "Svendsen, Gunnar Lind Hasse"]
[Result "1-0"]
[WhiteElo "1944"]
[BlackElo "1474"]
[PlyCount "51"]
[EventDate "2015.??.??"]
[EventType "swiss"]
[EventRounds "4"]
[EventCountry "DEN"]
[SourceTitle "EXT 2024"]
[Source "ChessBase"]
[SourceDate "2023.10.10"]
[SourceVersion "1"]
[SourceVersionDate "2023.10.10"]
[SourceQuality "1"]

1. e4 c6 2. d4 d5 3. exd5 cxd5 4. c4 Nf6 5. Nc3 e6 6. Nf3 Be7 7. c5 0-0 8. Bd3 b6 9. cxb6 Qxb6 10. 0-0 Bd7 11. Re1 Nc6 12. a3 Rfc8 13. Na4 Qb7 14. b4 a6 15. Bg5 Ra7 16. Nc5 Qa8 17. Rc1 Ne8 18. Bxe7 Nxe7 19. Ne5 Bb5 20. Bxh7+ Kxh7 21. Qh5+ Kg8 22. Qxf7+ Kh7 23. Rc3 Ng8 24. Rh3+ Nh6 25. Rxh6+ Kxh6 26. Qg6# 1-0